Interpretación jurídica : del modelo iuspositivista legalista decimonómico a las nuevas perspectivas /
Guardado en:
| Autor Principal: | |
|---|---|
| Formato: | Libro |
| Idioma: | Spanish |
| Publicado: |
Buenos Aires,
Rubinzal Culzoni.
1999 :
|
| Edición: | 1a. ed. |
| Materias: | |
| Etiquetas: |
Agregar Etiqueta
Sin Etiquetas, Sea el primero en etiquetar este registro!
|
| LEADER | 00798nam a22001695a 4500 | ||
|---|---|---|---|
| 001 | DER.der013052 | ||
| 008 | 180615s1999####ag#||||||||||||||#||spa|| | ||
| 005 | 20250205113453.0 | ||
| 245 | 1 | 0 | |a Interpretación jurídica : |b del modelo iuspositivista legalista decimonómico a las nuevas perspectivas / |c Rodolfo L. Vigo. |
| 250 | |a 1a. ed. | ||
| 260 | |a Buenos Aires, |b Rubinzal Culzoni. |c 1999 : | ||
| 300 | |a 314 p. | ||
| 505 | 0 | |a Materia interpretativa: regulatoria, fáctica, lingüística, lógica y axiológica. Dworkin y Villey. Principios generales del Derecho. Orden público. Interpretación jurídica de la ley, los contratos, los testamentos, etc. Seguridad jurídica | |
| 020 | |a 950727197X | ||
| 100 | 1 | |a Vigo, Rodolfo L. | |
| 650 | 7 | |a FILOSOFIA DEL DERECHO | |
| 859 | |a DERECHO |b BIB. DERECHO |h 340.1 |i VIG |p 007949 | ||
